A hamis Nero

Bibliographic Details
Main Author: Feuchtwanger, Lion, 1884-1958 (Author)
Other Authors: Dormándi, László (Translator)
Format: Book
Language:Hungarian
German
PhysicalDescription:330, [2] s. 8°
Published: Bratislava Budapest Madách Könyvkiadó Európa Könyvkiadó 1971
Series:A Világirodalom Remekei
Subjects:

MARC

LEADER 00000cam a2200000 a 4500
001 vtls008310244
003 SK-MaSNL
005 20260301074853.0
008 190102s1971 xo gr 000 f hun
015 |a SKSNBA1972/01-00289 
035 |a SK01SNK19720002461 
035 |a SKM000004924 
040 |a SNK  |b slo  |c SNK  |e AACR2 
041 1 |a hun  |h ger 
044 |a xo  |a hu 
080 |a 830-3=945.11  |2 1981 
100 1 |a Feuchtwanger, Lion,  |d 1884-1958  |4 aut  |9 203991 
240 1 4 |a Der falsche Nero  |l Maďarsky 
245 1 0 |a A hamis Nero  |c Lion Feuchtwanger ; fordította: László Dormándi 
260 |a Bratislava  |b Madách Könyvkiadó  |a Budapest  |b Európa Könyvkiadó  |c 1971  |e Debrecen  |f Alföldi Nyomda 
300 |a 330, [2] s.  |c 8° 
490 1 |a A Világirodalom Remekei  |v sor. 4. 
500 |a Vyd. pre Európa Könyvkiadó, Budapest 
563 |a 400+108200 výtl. 
650 0 7 |a umelecká literatúra  |2 SNKPH  |9 1488 
650 0 7 |a satirické romány  |2 SNKPH  |9 51582 
655 7 |a nemecké romány  |2 SNKPH  |9 70433 
700 1 |a Dormándi, László  |4 trl  |9 398146 
830 0 |a A Világirodalom Remekei  |9 308159 
852 |a Slovenská národná knižnica v Martine  |b 10000  |h SC 28658 
852 |a Slovenská národná knižnica v Martine  |b 10000  |h SC 28658 D1 
919 |a viaz. 
958 |a OND 
958 |a TL 
958 |a RK 
958 |a LX 
999 |c 648487  |d 650417 
952 |a SNK  |b SNK  |y VYP  |7 0  |p 17A1075618  |o snkSC 28658 D1  |i snkKSP 1443/72  |0 0  |1 0  |4 0  |d 2014-03-27  |l 0  |r 2026-02-23 18:14:28  |w 2026-02-23